[Event "SR 3. liga A2 2010/2011"]
[Site "?"]
[Date "2010.12.12"]
[Round "5.6"]
[White "Bjel, Tomas"]
[Black "Klanica, Anton"]
[Result "0-1"]
[WhiteElo "1743"]
[BlackElo "1851"]
[PlyCount "86"]
[EventDate "2010.??.??"]
[WhiteTeam "Slovakia"]
[BlackTeam "II"]
[WhiteTeamCountry "SVK"]
[BlackTeamCountry "SVK"]

1. e4 e6 2. d4 d5 3. exd5 exd5 4. Nf3 Nf6 5. Bd3 Bd6 6. O-O O-O 7. Bg5 h6 8.
Bh4 Bg4 9. Nbd2 Nbd7 10. c3 c6 11. Qc2 Qc7 12. Rfe1 Rfe8 13. Bf5 Bxf5 14. Qxf5
Nh7 15. c4 dxc4 16. Nxc4 Bb4 17. Rxe8+ Rxe8 18. Nfe5 Ndf6 19. Bg3 Qc8 20. Qxc8
Rxc8 21. a3 Bf8 22. h4 Ne4 23. Bh2 b6 24. f3 Nd6 25. Rc1 Nf5 26. Rd1 Nxd4 27.
Nd7 c5 28. Nxf8 Nxf8 29. Be5 Nfe6 30. Bxd4 Nxd4 31. Kf2 Re8 32. Rd2 Re6 33. b4
g6 34. a4 Kg7 35. a5 h5 36. axb6 axb6 37. Nxb6 Rxb6 38. bxc5 Rb4 39. g3 Rc4 40.
g4 hxg4 41. fxg4 Ne6 42. h5 Nxc5 43. hxg6 Ne4+ 0-1

[Event "SR 3. liga A2 2010/2011"]
[Site "?"]
[Date "2010.12.12"]
[Round "5.6"]
[White "Jablonicky, Martin"]
[Black "Bincik, Pavol"]
[Result "1/2-1/2"]
[WhiteElo "1884"]
[BlackElo "1909"]
[PlyCount "36"]
[EventDate "2010.??.??"]
[WhiteTeam "Slovakia"]
[BlackTeam "II"]
[WhiteTeamCountry "SVK"]
[BlackTeamCountry "SVK"]

1. d4 d5 2. Nf3 c6 3. c4 dxc4 4. e3 b5 5. a4 b4 6. Bxc4 e6 7. O-O a5 8. b3 Nf6
9. Bb2 Be7 10. Re1 O-O 11. Nbd2 Nbd7 12. Nf1 Nb6 13. Rc1 Bb7 14. Ng3 Rc8 15.
Bf1 c5 16. Bb5 Nbd5 17. Ne5 Bd6 18. Nd3 cxd4 $11 1/2-1/2

[Event "SR 3. liga A2 2010/2011"]
[Site "?"]
[Date "2010.12.12"]
[Round "5.6"]
[White "Lanik, Miroslav"]
[Black "Brunovsky, Peter"]
[Result "1/2-1/2"]
[WhiteElo "1871"]
[BlackElo "1785"]
[PlyCount "95"]
[EventDate "2010.??.??"]
[WhiteTeam "Slovakia"]
[BlackTeam "II"]
[WhiteTeamCountry "SVK"]
[BlackTeamCountry "SVK"]

1. e4 c6 2. d4 d5 3. e5 Bf5 4. Nf3 e6 5. Be2 Ne7 6. O-O Bg6 7. c4 Nf5 8. Be3
Be7 9. Qb3 Qb6 10. Nbd2 Nd7 11. Qc3 O-O 12. a3 a5 13. c5 Qc7 14. Bg5 a4 15. b4
axb3 16. Nxb3 h6 17. Bxe7 Nxe7 18. Nh4 f5 19. Nxg6 Nxg6 20. f4 Ra4 21. Nd2 Rfa8
22. g4 Ne7 23. Rfb1 Nf8 24. Rb3 Nfg6 25. Qe3 Nh4 26. Nf3 Nhg6 27. g5 Kh7 28.
Kf2 Nh8 29. Bd1 h5 30. g6+ Kxg6 31. Ng5 Kh6 32. Nxe6 Qc8 33. Ng5 g6 34. Rab1
R8a7 35. Rc3 R4a5 36. a4 Ra8 37. Bc2 Kg7 38. Re1 Nf7 39. Qg3 Nxg5 40. Qxg5 Qe6
41. Rb1 R5a7 42. Rg3 Kh7 43. Rbg1 Rg8 44. Qf6 Qd7 45. e6 Qe8 46. Rb3 Rf8 47.
Qe5 Kh6 48. Rbg3 $11 1/2-1/2

[Event "SR 3. liga A2 2010/2011"]
[Site "?"]
[Date "2010.12.12"]
[Round "5.6"]
[White "Vegh, Vince"]
[Black "Feher, Tibor"]
[Result "0-1"]
[WhiteElo "1947"]
[BlackElo "1805"]
[PlyCount "94"]
[EventDate "2010.??.??"]
[WhiteTeam "Slovakia"]
[BlackTeam "II"]
[WhiteTeamCountry "SVK"]
[BlackTeamCountry "SVK"]

1. e4 c5 2. Nf3 d6 3. d4 cxd4 4. Nxd4 Nf6 5. Nc3 a6 6. Be3 Qc7 7. Be2 e6 8. O-O
Be7 9. Kh1 b5 10. a3 Bb7 11. Bd3 O-O 12. f4 Nbd7 13. Qf3 Nc5 14. Rac1 Rac8 15.
b4 Nxd3 16. cxd3 Qd7 17. Qg3 Rfe8 18. f5 e5 19. Nf3 Kh8 20. Nd2 Bf8 21. Bg5 Be7
22. Rc2 Nh5 23. Qg4 Bxg5 24. Qxg5 Nf6 25. Rfc1 d5 $11 26. Nb3 dxe4 27. Nc5 Rxc5
28. bxc5 exd3 29. Rd2 e4 30. Nd1 h6 31. Qg3 Nd5 32. Ne3 Bc6 33. Rf1 f6 34. Nxd5
Qxd5 35. Qe3 Qc4 36. Re1 b4 37. axb4 Qxb4 38. h3 a5 39. Qf2 a4 40. Rb2 Qc3 41.
Rb6 d2 42. Rd1 e3 43. Qe2 Qxc5 44. Rdb1 a3 45. Qa6 e2 46. Rxc6 e1=Q+ 47. Rxe1
dxe1=Q+ 0-1

[Event "SR 3. liga A2 2010/2011"]
[Site "?"]
[Date "2010.12.12"]
[Round "5.6"]
[White "Vepy, Ivan"]
[Black "Bilovsky, Milan"]
[Result "1-0"]
[WhiteElo "1935"]
[BlackElo "1918"]
[PlyCount "47"]
[EventDate "2010.??.??"]
[WhiteTeam "Slovakia"]
[BlackTeam "II"]
[WhiteTeamCountry "SVK"]
[BlackTeamCountry "SVK"]

1. e4 c5 2. Bc4 Nc6 3. a3 Nf6 4. d3 e6 5. Bg5 Be7 6. Ne2 d5 7. exd5 exd5 8. Ba2
O-O 9. O-O Bg4 10. f3 Be6 11. Nf4 Qb6 12. Qc1 Rfe8 13. Kh1 Ng4 14. Bxe7 Nxh2
15. Kxh2 Rxe7 16. Bxd5 Nd4 17. Bxe6 Nxe6 18. Nxe6 Rxe6 19. Nc3 c4 20. g3 Rae8
21. Qd2 Rh6+ 22. Kg2 Rh2+ 23. Kxh2 Qh6+ 24. Qxh6 1-0

[Event "SR 3. liga A2 2010/2011"]
[Site "?"]
[Date "2010.12.12"]
[Round "5.7"]
[White "Hrubos, Milan"]
[Black "Vach, Jozef"]
[Result "1/2-1/2"]
[WhiteElo "1802"]
[BlackElo "1900"]
[PlyCount "45"]
[EventDate "2010.??.??"]
[WhiteTeam "Slovakia"]
[BlackTeam "II"]
[WhiteTeamCountry "SVK"]
[BlackTeamCountry "SVK"]

1. e4 e5 2. Nf3 Nc6 3. Bb5 a6 4. Ba4 Nf6 5. O-O Be7 6. Re1 b5 7. Bb3 d6 8. c3
Na5 9. Bc2 c5 10. d4 Qc7 11. a4 Bb7 12. d5 Nc4 13. Nbd2 Nxd2 14. Bxd2 O-O 15.
Qe2 Qd7 16. b4 c4 17. Ra2 Rfc8 18. Rea1 Ne8 19. Bg5 h6 20. Bxe7 Qxe7 21. axb5
axb5 22. Ra5 Qd7 23. Nh4 1/2-1/2

[Event "SR 3. liga A2 2010/2011"]
[Site "?"]
[Date "2010.12.12"]
[Round "5.7"]
[White "Kolenak, Matus"]
[Black "Smrek, Peter"]
[Result "0-1"]
[WhiteElo "1722"]
[BlackElo "1882"]
[PlyCount "66"]
[EventDate "2010.??.??"]
[WhiteTeam "Slovakia"]
[BlackTeam "II"]
[WhiteTeamCountry "SVK"]
[BlackTeamCountry "SVK"]

1. e4 e5 2. Nf3 Nf6 3. Nxe5 d6 4. Nf3 Nxe4 5. d4 d5 6. Bd3 Be7 7. O-O O-O 8. c4
Bg4 9. Nc3 Nxc3 10. bxc3 c6 11. Rb1 b6 12. Bf4 Nd7 13. Re1 Re8 14. a4 Nf6 15.
h3 Bh5 16. a5 dxc4 17. Bxc4 b5 18. Bb3 Qxa5 19. Qd3 Bg6 20. Qf1 Bxb1 21. Rxb1
Qd8 22. Ne5 Nd5 23. Nxc6 Qd7 24. Qxb5 Nxc3 25. Bxf7+ Kh8 26. Bxe8 Qxe8 27. Qb7
Nxb1 28. Nxe7 Rd8 29. Nc6 Qe1+ 30. Kh2 Rg8 31. d5 Nc3 32. d6 Ne2 33. h4 h5 0-1

[Event "SR 3. liga A2 2010/2011"]
[Site "?"]
[Date "2010.12.12"]
[Round "5.7"]
[White "Koloditsova, Renata"]
[Black "Arpa, Zoltan"]
[Result "1/2-1/2"]
[WhiteElo "1795"]
[BlackElo "1917"]
[PlyCount "64"]
[EventDate "2010.??.??"]
[WhiteTeam "Slovakia"]
[BlackTeam "II"]
[WhiteTeamCountry "SVK"]
[BlackTeamCountry "SVK"]

1. d4 e6 2. Nf3 d5 3. Bf4 c5 4. c3 Nc6 5. e3 Bd6 6. Bxd6 Qxd6 7. Nbd2 Nf6 8.
Be2 O-O 9. O-O Bd7 10. Re1 cxd4 11. exd4 Rab8 12. a4 Na5 13. Ne5 Qb6 14. Ra2
Rfc8 15. Bd3 Nc6 16. f4 h6 17. Re3 Qd8 18. Qf3 Nxe5 19. fxe5 Nh7 20. Bxh7+ Kxh7
21. Qxf7 Qe8 22. Qxe8 Bxe8 23. Nb3 b6 24. Re1 a5 25. Rea1 Bg6 26. Rc1 Bd3 27.
Raa1 Rb7 28. Re1 Rf7 29. Re3 Bc2 30. Nd2 Rcf8 31. Rf3 Rxf3 32. Nxf3 Rc8 $11
1/2-1/2

[Event "SR 3. liga A2 2010/2011"]
[Site "?"]
[Date "2010.12.12"]
[Round "5.7"]
[White "Nemsak, Denis"]
[Black "Zarecky, Eduard"]
[Result "0-1"]
[WhiteElo "1791"]
[BlackElo "1968"]
[PlyCount "86"]
[EventDate "2010.??.??"]
[WhiteTeam "Slovakia"]
[BlackTeam "II"]
[WhiteTeamCountry "SVK"]
[BlackTeamCountry "SVK"]

1. c4 c5 2. Nc3 Nf6 3. e4 d6 4. g3 Nc6 5. Bg2 g6 6. Nge2 Bg7 7. O-O O-O 8. d3
Bg4 9. f3 Bd7 10. h3 a6 11. Rb1 Rb8 12. f4 b5 13. cxb5 axb5 14. Qe1 Qa5 15. a3
b4 16. Nd5 e6 17. axb4 Qb5 18. Nec3 Qb7 19. e5 Nxd5 20. Nxd5 exd5 21. bxc5 dxe5
22. Bxd5 Bxh3 23. Rf3 Bg4 24. Rf2 Qd7 25. Bxc6 Qxc6 26. b4 Rfe8 27. Be3 Bf5 28.
Rd1 Qb5 29. fxe5 Bxd3 30. Rfd2 Bf5 31. Bf4 Rbc8 32. Rd6 Bg4 33. R1d5 Bf3 34.
Rd3 Bc6 35. Qc3 Bf8 36. R6d4 Qa4 37. Re3 Qa2 38. Rd2 Qb1+ 39. Kf2 Qh1 40. Qc4
Ra8 41. Re1 Qg2+ 42. Ke3 Qf3+ 43. Kd4 Red8+ 0-1

[Event "SR 3. liga A2 2010/2011"]
[Site "?"]
[Date "2010.12.12"]
[Round "5.7"]
[White "Zajicek, Ferdinand"]
[Black "Palka, Martin"]
[Result "0-1"]
[WhiteElo "1873"]
[BlackElo "1855"]
[PlyCount "82"]
[EventDate "2010.??.??"]
[WhiteTeam "Slovakia"]
[BlackTeam "II"]
[WhiteTeamCountry "SVK"]
[BlackTeamCountry "SVK"]

1. e4 c5 2. Nf3 d6 3. Nc3 Nf6 4. Bc4 e6 5. Qe2 Nc6 6. a3 a6 7. d3 Qc7 8. Bf4
Nd4 9. Qd1 b5 10. Ba2 Bb7 11. Nxd4 cxd4 12. Ne2 Rc8 13. Rc1 Qb6 14. c3 dxc3 15.
Rxc3 Rxc3 16. Nxc3 Be7 17. O-O O-O 18. Be3 Qa5 19. Bd2 Qc7 20. Be3 Re8 21. Qd2
Ng4 22. h3 Nxe3 23. Qxe3 Bf6 24. d4 Qb6 25. Rd1 b4 26. axb4 Qxb4 27. Rd2 Qa5
28. Bb1 e5 29. d5 Bd8 30. Qe1 Bb6 31. Rc2 Bd4 32. Qc1 h6 33. Kh2 Qb4 34. f3 a5
35. Kg3 Ba6 36. Qd2 a4 37. Ne2 Qxd2 38. Rxd2 Bxe2 39. Rxe2 Rb8 40. f4 Bxb2 41.
fxe5 Bxe5+ 0-1

[Event "SR 3. liga A2 2010/2011"]
[Site "?"]
[Date "2010.12.12"]
[Round "5.8"]
[White "Both, Lajos"]
[Black "Tomovicsova, Evelina"]
[Result "0-1"]
[WhiteElo "1874"]
[BlackElo "1677"]
[PlyCount "82"]
[EventDate "2010.??.??"]
[WhiteTeam "Slovakia"]
[BlackTeam "II"]
[WhiteTeamCountry "SVK"]
[BlackTeamCountry "SVK"]

1. e4 e5 2. Nf3 Nc6 3. d4 exd4 4. Nxd4 Nxd4 5. Qxd4 d6 6. Nc3 Be6 7. Be3 Nf6 8.
Be2 Be7 9. O-O O-O 10. Rad1 a6 11. a4 c5 12. Qd3 Qc7 13. Nd5 Nxd5 14. exd5 Bd7
15. c4 Bxa4 16. b3 Bd7 17. Bf4 Rfe8 18. Rde1 Bf6 19. Bd1 Rxe1 20. Rxe1 Re8 21.
Rxe8+ Bxe8 22. Bc2 g6 23. Bd2 b5 24. f4 Bd7 25. Qf3 Qc8 26. h3 h5 27. Qg3 Bf5
28. Bd1 Kh7 29. Qf3 Qe8 30. g4 hxg4 31. hxg4 Bd7 32. Kf1 Kg7 33. Be3 bxc4 34.
bxc4 a5 35. g5 Bb2 36. Qf2 Qb8 37. Qh2 a4 38. f5 Bxf5 39. Bxc5 Be5 40. Qh6+ Kg8
41. Be3 a3 0-1

[Event "SR 3. liga A2 2010/2011"]
[Site "?"]
[Date "2010.12.12"]
[Round "5.8"]
[White "Kavon, Rastislav"]
[Black "Strapko, Tomas"]
[Result "1-0"]
[WhiteElo "1699"]
[BlackElo "1892"]
[PlyCount "107"]
[EventDate "2010.??.??"]
[WhiteTeam "Slovakia"]
[BlackTeam "II"]
[WhiteTeamCountry "SVK"]
[BlackTeamCountry "SVK"]

1. e4 c5 2. Nf3 Nc6 3. d4 cxd4 4. Nxd4 Nf6 5. Nc3 e5 6. Ndb5 d6 7. Bg5 a6 8.
Na3 b5 9. Nd5 Be7 10. Bxf6 Bxf6 11. c3 Rb8 12. Nc2 Bg5 13. Be2 Be6 14. Nce3 O-O
15. O-O Bxe3 16. Nxe3 Ne7 17. Bf3 a5 18. Qd2 Qb6 19. Rfd1 Rbd8 20. Qe2 Rc8 21.
Bg4 Bxg4 22. Qxg4 Rc5 23. h3 Qc6 24. Rd2 d5 25. exd5 Nxd5 26. Nxd5 Rxd5 27. Qe4
Rc5 28. Qxc6 Rxc6 29. Rd5 b4 30. Rxe5 bxc3 31. bxc3 Ra8 32. Rd1 g6 33. Rd3 Rc4
34. Ree3 Ra4 35. Rd2 Rc4 36. Rd4 Rac8 37. Rxc4 Rxc4 38. Kf1 f5 39. Ke1 Kf7 40.
Kd1 Kf6 41. Kc2 f4 42. Rd3 a4 43. Rd4 Rxd4 44. cxd4 Ke6 45. Kd3 Kd5 46. a3 g5
47. f3 h6 48. Kc3 h5 49. Kd3 h4 50. Kc3 Kc6 51. Kc4 Kd6 52. d5 Kd7 53. Kd4 Kd6
54. Ke4 1-0

[Event "SR 3. liga A2 2010/2011"]
[Site "?"]
[Date "2010.12.12"]
[Round "5.8"]
[White "Kubik, Peter"]
[Black "Holly, Milan"]
[Result "1-0"]
[WhiteElo "1630"]
[BlackElo "1862"]
[PlyCount "45"]
[EventDate "2010.??.??"]
[WhiteTeam "Slovakia"]
[BlackTeam "II"]
[WhiteTeamCountry "SVK"]
[BlackTeamCountry "SVK"]

1. e4 e6 2. d4 b6 3. Nf3 Bb7 4. Bd3 Nf6 5. Nc3 d5 6. exd5 Nxd5 7. Nxd5 Bxd5 8.
O-O Be7 9. Bf4 O-O 10. Ne5 Nd7 11. Qh5 g6 12. Qh3 Nxe5 13. dxe5 Bg5 14. Qe3
Bxf4 15. Qxf4 Qe7 16. Rae1 Rad8 17. Re3 c5 18. c4 Bb7 19. Rh3 f5 20. exf6 Rxf6
21. Qg5 Qg7 22. Re1 Rf7 23. Qxd8+ 1-0

[Event "SR 3. liga A2 2010/2011"]
[Site "?"]
[Date "2010.12.12"]
[Round "5.8"]
[White "Zisek, Jaroslav"]
[Black "Papanek, Lubomir"]
[Result "1/2-1/2"]
[WhiteElo "1871"]
[BlackElo "1653"]
[PlyCount "92"]
[EventDate "2010.??.??"]
[WhiteTeam "Slovakia"]
[BlackTeam "II"]
[WhiteTeamCountry "SVK"]
[BlackTeamCountry "SVK"]

1. c4 c5 2. Nf3 Nc6 3. Nc3 e6 4. d4 cxd4 5. Nxd4 a6 6. e4 Bb4 7. Be3 Nf6 8. f3
O-O 9. Qd2 d5 10. Nxc6 bxc6 11. e5 Nd7 12. f4 f6 13. exf6 Nxf6 14. Bd3 c5 15.
a3 Bxc3 16. bxc3 Qc7 17. O-O Bd7 18. h3 Rfd8 19. Qf2 Rac8 20. g4 Ne4 21. Qc2
Qa5 22. Bxe4 dxe4 23. Qxe4 Qxc3 24. Rfc1 Qf6 25. Bd2 Bc6 26. Qe3 Qb2 27. Rd1
Kf7 28. Qc3 Qxc3 29. Bxc3 Ba4 30. Rxd8 Rxd8 31. Kg2 Rd3 32. Rc1 Bc6+ 33. Kh2
Rf3 34. Be5 Rxa3 35. Ra1 Rxa1 36. Bxa1 g6 37. Kg3 Ba4 38. Kf3 Bb3 39. Ke4 Bxc4
40. Ke5 Ke7 41. Bb2 Bf1 42. h4 c4 43. Bc3 Bd3 44. Bb4+ Kf7 45. Kd6 Be2 46. g5
Bd3 1/2-1/2

[Event "SR 3. liga A2 2010/2011"]
[Site "?"]
[Date "2011.01.15"]
[Round "5.1"]
[White "Kovacocy, Pavel"]
[Black "Janko, Michal"]
[Result "1/2-1/2"]
[WhiteElo "2239"]
[BlackElo "2274"]
[PlyCount "42"]
[EventDate "2010.??.??"]
[WhiteTeam "Slovakia"]
[BlackTeam "II"]
[WhiteTeamCountry "SVK"]
[BlackTeamCountry "SVK"]

1. e4 g6 2. d4 Bg7 3. Nc3 d6 4. Nf3 a6 5. a4 b6 6. Bc4 e6 7. O-O Bb7 8. Re1 Ne7
9. Bg5 h6 10. Be3 Nd7 11. Qd2 Nf6 12. Qd3 Nxe4 13. Nxe4 d5 14. Bxd5 Nxd5 15.
Bd2 O-O 16. c4 Nf6 17. Nxf6+ Qxf6 18. Ne5 Rfd8 19. Qe3 Qg5 20. Qxg5 hxg5 21.
Bc3 Rac8 1/2-1/2

[Event "SR 3. liga A2 2010/2011"]
[Site "?"]
[Date "2011.01.15"]
[Round "5.2"]
[White "Janko, Ladislav"]
[Black "Cechovic, Stefan"]
[Result "1-0"]
[WhiteElo "2239"]
[BlackElo "2190"]
[PlyCount "81"]
[EventDate "2010.??.??"]
[WhiteTeam "Slovakia"]
[BlackTeam "II"]
[WhiteTeamCountry "SVK"]
[BlackTeamCountry "SVK"]

1. e4 e5 2. Nf3 Nf6 3. Nxe5 d6 4. Nf3 Nxe4 5. Nc3 Nxc3 6. dxc3 Be7 7. Be3 Nc6
8. Qd2 Be6 9. O-O-O Qd7 10. Nd4 O-O 11. Nxe6 Qxe6 12. Kb1 Bf6 13. Be2 Ne5 14.
Qd5 Qxd5 15. Rxd5 b6 16. Bc1 Rad8 17. f4 Ng6 $11 18. g4 c6 19. Rdd1 d5 20. h4
Rfe8 21. Bd3 Nf8 22. g5 Be7 23. Rhe1 Bd6 24. Rxe8 Rxe8 25. Ba6 Ne6 26. Bb7 Nd8
27. Bc8 Re4 28. Bf5 Rc4 29. Bd3 Rc5 30. Be3 Ra5 31. c4 Ne6 32. Bd2 Ra4 33. b3
Ra3 34. f5 Nf4 35. Bf1 Kf8 36. Kb2 Ra5 37. b4 Ra4 38. Kb3 Ra6 39. c5 bxc5 40.
Bxa6 c4+ 41. Ka4 1-0

[Event "SR 3. liga A2 2010/2011"]
[Site "?"]
[Date "2011.01.15"]
[Round "5.3"]
[White "Liptak, Dusan"]
[Black "Dvorsky, Jozef"]
[Result "1/2-1/2"]
[WhiteElo "2086"]
[BlackElo "2024"]
[PlyCount "46"]
[EventDate "2010.??.??"]
[WhiteTeam "Slovakia"]
[BlackTeam "II"]
[WhiteTeamCountry "SVK"]
[BlackTeamCountry "SVK"]

1. d4 d5 2. c4 e6 3. Nc3 Nf6 4. cxd5 exd5 5. Bg5 Be7 6. e3 O-O 7. Bd3 b6 8.
Bxf6 Bxf6 9. Qh5 g6 10. Qxd5 Qxd5 11. Nxd5 Bd8 12. Be4 c6 13. Nb4 Bb7 14. Rc1
Bf6 15. Ne2 Rc8 16. Kd2 a5 17. Nd3 Ra7 18. Rc2 Ba8 19. Rhc1 Rd8 20. Nef4 Rad7
21. Ke2 Re7 22. f3 Bxd4 23. exd4 f5 $11 1/2-1/2

[Event "SR 3. liga A2 2010/2011"]
[Site "?"]
[Date "2011.01.15"]
[Round "5.4"]
[White "Puobis, Jozef"]
[Black "Liptak, Tomas"]
[Result "1-0"]
[WhiteElo "1949"]
[BlackElo "2073"]
[PlyCount "87"]
[EventDate "2010.??.??"]
[WhiteTeam "Slovakia"]
[BlackTeam "II"]
[WhiteTeamCountry "SVK"]
[BlackTeamCountry "SVK"]

1. e4 d6 2. d4 Nf6 3. Nc3 Nbd7 4. Be3 e5 5. Nf3 c6 6. dxe5 dxe5 7. a3 Be7 8.
Be2 O-O 9. O-O Qc7 10. Bc4 b5 11. Bb3 a5 12. Nd2 Ba6 13. Re1 Rfd8 14. Qf3 Nc5
15. Rad1 Bc8 16. h3 b4 17. axb4 axb4 18. Ne2 Nxb3 19. Nxb3 Rxd1 20. Rxd1 Ra2
21. Bc1 Be6 22. Ng3 c5 23. Nf5 $11 Bf8 24. g4 c4 25. g5 Ne8 26. Nd2 c3 27. bxc3
bxc3 28. Nf1 Rxc2 29. Qd3 Ra2 30. Qd8 Bxf5 31. Qxe8 Bg6 32. Rd8 Qc5 33. Be3 Qb4
34. Rb8 Qa3 35. Qxe5 f6 36. gxf6 gxf6 37. Qe6+ Bf7 38. Qxf6 c2 39. Bd4 Be8 40.
Qh8+ Kf7 41. Qxh7+ Ke6 42. Rxe8+ Be7 43. Qf5+ Kd6 44. Rxe7 1-0

[Event "SR 3. liga A2 2010/2011"]
[Site "?"]
[Date "2011.01.15"]
[Round "5.5"]
[White "Sarmir, Milos"]
[Black "Kosar, Mikulas ml"]
[Result "1-0"]
[WhiteElo "2062"]
[BlackElo "1889"]
[PlyCount "45"]
[EventDate "2010.??.??"]
[WhiteTeam "Slovakia"]
[BlackTeam "II"]
[WhiteTeamCountry "SVK"]
[BlackTeamCountry "SVK"]

1. e4 d5 2. exd5 Nf6 3. d4 Nxd5 4. c4 Nf6 5. Nc3 e6 6. Nf3 Be7 7. Bd3 Nc6 8.
Be3 b6 9. O-O Bb7 10. Qe2 Nb4 11. Bb1 Na6 12. Rd1 Qc8 13. a3 c5 14. d5 exd5 15.
cxd5 O-O 16. d6 Bd8 17. Ne5 Nb8 18. d7 Qc7 19. Bf4 Ba6 20. Qf3 Qb7 21. Ne4
Nbxd7 22. Qh3 Re8 23. Nd6 1-0

[Event "SR 3. liga A2 2010/2011"]
[Site "?"]
[Date "2011.01.15"]
[Round "5.6"]
[White "Both, Tamas"]
[Black "Markuliak, Mario"]
[Result "1-0"]
[WhiteElo "1781"]
[BlackElo "1864"]
[PlyCount "29"]
[EventDate "2010.??.??"]
[WhiteTeam "Slovakia"]
[BlackTeam "II"]
[WhiteTeamCountry "SVK"]
[BlackTeamCountry "SVK"]

1. e4 e5 2. Nf3 Nc6 3. d4 exd4 4. Bc4 h6 5. O-O Bc5 6. c3 dxc3 7. Bxf7+ Kf8 8.
Bxg8 Rxg8 9. Nxc3 d6 10. Be3 Bxe3 11. fxe3 Be6 12. Nd4+ Ke7 13. Nxe6 Kxe6 14.
Qd5+ Kd7 15. Qf5+ 1-0

[Event "SR 3. liga A2 2010/2011"]
[Site "?"]
[Date "2011.01.15"]
[Round "5.7"]
[White "Vlkovic, Pavol"]
[Black "Sandor, Stefan"]
[Result "1-0"]
[WhiteElo "1840"]
[BlackElo "1682"]
[PlyCount "95"]
[EventDate "2010.??.??"]
[WhiteTeam "Slovakia"]
[BlackTeam "II"]
[WhiteTeamCountry "SVK"]
[BlackTeamCountry "SVK"]

1. e4 e5 2. Nf3 Nc6 3. Bc4 Nf6 4. d3 h6 5. c3 Be7 6. O-O O-O 7. Re1 d6 8. h3 a6
9. Bb3 Re8 10. Nbd2 Bf8 11. Nf1 Be6 12. Bc2 d5 13. Qe2 d4 14. Ng3 Qd7 15. Nh2
Ne7 16. Qf3 c5 17. Bxh6 gxh6 18. Qxf6 Bg7 19. Qf3 Ng6 20. Nf5 Bxf5 21. exf5 Nh4
22. Qh5 Nxf5 23. Nf3 Re7 24. g4 Nd6 25. Nxe5 Qe8 26. cxd4 cxd4 27. Nf3 Rxe1+
28. Rxe1 Qb5 29. Qxb5 Nxb5 30. Re7 b6 31. Rd7 Ra7 32. Rd8+ Bf8 33. a4 Nd6 34.
Nxd4 Rc7 35. Kg2 Rc8 36. Rxc8 Nxc8 37. Nf5 Na7 38. Ne3 Nc6 39. Nd5 Bc5 40. Bb3
Ne5 41. Bc4 a5 42. f4 Nc6 43. h4 Nd4 44. Nf6+ Kg7 45. Nd7 Ne6 46. Bxe6 fxe6 47.
Nxc5 bxc5 48. Kf3 1-0

[Event "SR 3. liga A2 2010/2011"]
[Site "?"]
[Date "2011.01.15"]
[Round "5.8"]
[White "Kosar, Mikulas st"]
[Black "Hornak, Pavol"]
[Result "0-1"]
[WhiteElo "1835"]
[BlackElo "1773"]
[PlyCount "113"]
[EventDate "2010.??.??"]
[WhiteTeam "Slovakia"]
[BlackTeam "II"]
[WhiteTeamCountry "SVK"]
[BlackTeamCountry "SVK"]

1. e4 c5 2. Nf3 d6 3. Nc3 a6 4. d4 cxd4 5. Nxd4 Nf6 6. Bd3 e6 7. Be3 b5 8. a3
Bb7 9. f3 Qc7 10. Bf2 e5 11. Nf5 g6 12. Ne3 Bg7 13. Ned5 Bxd5 14. Nxd5 Nxd5 15.
exd5 Nd7 16. c3 O-O 17. O-O Rac8 18. Re1 Rfe8 19. Rc1 Nb6 20. Qb3 Nc4 21. Bxc4
Qxc4 22. Qxc4 $11 Rxc4 23. b3 Rcc8 24. c4 bxc4 25. bxc4 Bf8 26. a4 Red8 27. a5
Rd7 28. Bb6 Rb8 29. Rb1 Rdb7 30. Rec1 Bh6 31. Rc3 Bd2 32. Ra3 Bxa5 33. Rxa5
Rxb6 34. Rxb6 Rxb6 35. Ra4 f5 36. g3 Kf7 37. Kg2 g5 38. Ra5 Ke7 39. c5 dxc5 40.
Rxc5 Kd6 41. Ra5 e4 42. h3 h6 43. g4 Rb2+ 44. Kg1 e3 45. Kf1 Rf2+ 46. Ke1 Rxf3
47. Rxa6+ Kxd5 48. Ra5+ Ke6 49. Ra6+ Ke5 50. Ra5+ Kf4 51. gxf5 Ke4 52. Ke2 Rf2+
53. Ke1 Rxf5 54. Ra4+ Kf3 55. Ra6 h5 56. Ra2 Rb5 57. Kd1 0-1

[Event "SR 3. liga A2 2010/2011"]
[Site "?"]
[Date "2011.01.16"]
[Round "6.1"]
[White "Abel, Peter"]
[Black "Halas, Miroslav"]
[Result "1-0"]
[WhiteElo "2172"]
[BlackElo "1935"]
[PlyCount "45"]
[EventDate "2010.??.??"]
[WhiteTeam "Slovakia"]
[BlackTeam "II"]
[WhiteTeamCountry "SVK"]
[BlackTeamCountry "SVK"]

1. c4 Nf6 2. Nc3 e6 3. e4 d5 4. e5 d4 5. exf6 dxc3 6. fxg7 cxd2+ 7. Bxd2 Bxg7
8. Qc2 Qd4 9. Bc3 Qg4 10. Nf3 Bxc3+ 11. Qxc3 Qe4+ 12. Kd2 O-O 13. Bd3 Qf4+ 14.
Kc2 Nc6 15. Rad1 e5 16. Rhe1 Bg4 17. Re4 Bxf3 18. gxf3 Qxf3 19. Rxe5 Nxe5 20.
Qxe5 f6 21. Rg1+ Kh8 22. Qe7 Qxf2+ 23. Kc3 1-0

[Event "SR 3. liga A2 2010/2011"]
[Site "?"]
[Date "2011.01.16"]
[Round "6.1"]
[White "Lesny, Stefan"]
[Black "Kovacocy, Pavel"]
[Result "0-1"]
[WhiteElo "2100"]
[BlackElo "2239"]
[PlyCount "36"]
[EventDate "2010.??.??"]
[WhiteTeam "Slovakia"]
[BlackTeam "II"]
[WhiteTeamCountry "SVK"]
[BlackTeamCountry "SVK"]

1. e4 c5 2. f4 d5 3. e5 Nc6 4. c3 g6 5. Nf3 Bg7 6. d3 Nh6 7. Na3 O-O 8. Be2 f6
9. exf6 exf6 10. d4 cxd4 11. Nxd4 Nxd4 12. Qxd4 Re8 13. Kd1 Bg4 14. Re1 Rxe2
15. Rxe2 Qe7 16. Be3 Nf5 17. Qxd5+ Kh8 18. Kc1 Nxe3 0-1

[Event "SR 3. liga A2 2010/2011"]
[Site "?"]
[Date "2011.01.16"]
[Round "6.1"]
[White "Pribila, Gerhard"]
[Black "Horak, Ivan"]
[Result "1/2-1/2"]
[WhiteElo "2032"]
[BlackElo "2080"]
[PlyCount "31"]
[EventDate "2010.??.??"]
[WhiteTeam "Slovakia"]
[BlackTeam "II"]
[WhiteTeamCountry "SVK"]
[BlackTeamCountry "SVK"]

1. e4 c5 2. c3 Nf6 3. e5 Nd5 4. Bc4 Qc7 5. Nf3 Nb6 6. Bb3 e6 7. O-O Be7 8. d4
cxd4 9. cxd4 d6 10. Nc3 dxe5 11. dxe5 a6 12. Qe2 O-O 13. Be3 Nc6 14. Rac1 Nd7
15. Bf4 Qa5 16. a3 $11 1/2-1/2

[Event "SR 3. liga A2 2010/2011"]
[Site "?"]
[Date "2011.01.16"]
[Round "6.1"]
[White "Sekera, Branislav"]
[Black "Blatnicky, Miroslav"]
[Result "0-1"]
[WhiteElo "2149"]
[BlackElo "2119"]
[PlyCount "142"]
[EventDate "2010.??.??"]
[WhiteTeam "Slovakia"]
[BlackTeam "II"]
[WhiteTeamCountry "SVK"]
[BlackTeamCountry "SVK"]

1. Nf3 e6 2. d4 d5 3. Bg5 Be7 4. Bxe7 Qxe7 5. c3 Nf6 6. e3 c5 7. Ne5 Nbd7 8. f4
Ne4 9. g3 Nxe5 10. dxe5 c4 11. Nd2 Nc5 12. Nf3 Bd7 13. Be2 O-O 14. O-O b5 15.
Nd4 a5 16. a3 Na4 17. Qd2 Rab8 18. Bd1 Nc5 19. Bc2 g6 20. Rae1 Rfc8 21. e4 dxe4
22. Bxe4 b4 23. axb4 axb4 24. Bc2 bxc3 25. bxc3 Rb2 26. Qc1 Rcb8 27. Qe3 Ba4
28. Be4 Nb3 29. Rf2 Nxd4 30. Qxd4 Rd8 31. Qe3 Qa3 32. Qc1 Rdb8 33. Rxb2 Qxb2
34. Qxb2 Rxb2 35. Rc1 Kg7 36. h4 Bb3 37. Kf1 f6 38. Ra1 f5 39. Bf3 Rc2 40. Ra7+
Kh6 41. g4 fxg4 42. Bxg4 Rxc3 43. Bxe6 Rf3+ 44. Kg2 Rxf4 45. Kg3 Rf8 46. Bd5
Rd8 47. Bf7 Rb8 48. Rc7 c3 49. Bxb3 Rxb3 50. Kf4 Rb4+ 51. Ke3 Rxh4 52. e6 Rh1
53. Kd4 Kg5 54. Kd5 Re1 55. Kd6 h5 56. Rxc3 h4 57. e7 Kf5 58. Rf3+ Kg4 59. Rf1
Re3 60. Rg1+ Kh5 61. Kd7 g5 62. e8=Q+ Rxe8 63. Kxe8 g4 64. Kf7 g3 65. Kf6 Kg4
66. Ra1 g2 67. Ra4+ Kg3 68. Ra1 h3 69. Kf5 h2 70. Ra3+ Kf2 71. Ra2+ Ke3 0-1